| 000 | 00424cam a2200169ua 4500 | ||
|---|---|---|---|
| 003 | OSt | ||
| 008 | 241223b |||||||| |||| 00| 0 eng d | ||
| 041 | _aeng | ||
| 082 |
_a621.3133 _bFIC/TH |
||
| 100 |
_aFich, Sylavan. _96559 |
||
| 245 | _aTheory of A.C circuits / | ||
| 250 | _a1 / | ||
| 260 |
_aLondon : _bMacMillan and Company Limited , _c1959. |
||
| 300 | _a453 ; . | ||
| 700 | 1 |
_aPotter, James L. _96560 |
|
| 942 | _cBK | ||
| 999 |
_c1399 _d1399 |
||